|
|
|
|
| LEADER |
00000nab a2200000 a 4500 |
| 001 |
vtls000654829 |
| 003 |
SK-MaSNL |
| 005 |
20260305024255.0 |
| 008 |
180206c1998 xo 0 slo |
| 015 |
|
|
|a SNBRA1998/04-09387
|
| 035 |
|
|
|a CLN000007022
|
| 040 |
|
|
|a SNKBUCL
|b slo
|c SNKBUCL
|e AACR2
|
| 041 |
0 |
|
|a slo
|
| 044 |
|
|
|a xo
|c SK
|
| 080 |
|
|
|a 336.126.5:061.3
|2 UDC-MRF-SK2
|
| 080 |
|
|
|a 336.126.55(437.6)
|2 UDC-MRF-SK2
|
| 100 |
1 |
|
|a Háber, Stanislav,
|d 1966-
|4 ain
|9 102624
|
| 245 |
1 |
0 |
|a Nekonfromne proti praniu špinavých peňazí
|b hovoríme s podpredsedom Najvyššieho kontrolného úradu SR Jurajom Slovinským
|c [zhováral sa] Stanislav Háber
|
| 300 |
|
|
|b Fotogr.
|
| 610 |
1 |
7 |
|a Slovensko.
|b Najvyšší kontrolný úrad
|2 snkbucl
|9 131975
|
| 650 |
0 |
7 |
|a rozpočet štátny
|x hospodárenie rozpočtové
|x kontrola
|x konferencie
|x 27.3.-3.4.1998
|x rozhovory
|2 snkbucl
|9 1603020
|
| 655 |
|
7 |
|a články z novín a časopisov
|2 snkbucl
|9 267496
|
| 700 |
1 |
|
|a Slovinský, Juraj
|4 aut
|4 uin
|9 900949
|
| 773 |
0 |
|
|t Slovenská republika
|g Roč. 6, č. 83 (9.4.1998), s. 3
|
| 850 |
|
|
|a Slovenská národná knižnica v Martine
|
| 852 |
|
|
|a SNK
|b KIS3GCP
|
| 958 |
|
|
|a RBX
|
| 999 |
|
|
|c 3301351
|d 3303281
|